|
|
|
|
| LEADER |
00891cam a2200253 a 4500 |
| 001 |
c000272670 |
| 003 |
CARM |
| 005 |
20070925112826.0 |
| 008 |
841008s1977 enk 000 1 eng d |
| 015 |
|
|
|a B7732181
|
| 019 |
1 |
|
|a 3843151
|5 LACONCORD2021
|
| 020 |
|
|
|a 070916338X :
|c £3.85
|
| 035 |
|
|
|a (OCoLC)16380785
|5 LACONCORD2021
|
| 040 |
|
|
|a BNB
|b eng
|c BNB
|d ABN:1V
|d VCAV
|
| 082 |
0 |
4 |
|a 823.914
|2 22
|
| 100 |
1 |
|
|a Griffiths, Peter,
|d 1944-
|
| 245 |
1 |
0 |
|a Final approach /
|c Peter Griffiths.
|
| 260 |
|
|
|a London :
|b Robert Hale,
|c 1977.
|
| 300 |
|
|
|a 188 p. ;
|c 21 cm.
|
| 500 |
|
|
|a Fiction in English, 1900-. Texts (BNB/PRECIS)
|
| 650 |
|
0 |
|a English fiction.
|
| 852 |
8 |
|
|b CARM
|h A1:AN27B0
|i B09036
|p 0393436
|f BK
|
| 999 |
f |
f |
|i 9851e846-06a5-547c-a4a4-59edfef8fb1a
|s 0fdc3cf4-550c-5058-a05c-78881585d906
|
| 952 |
f |
f |
|p Can circulate
|a CAVAL
|b CAVAL
|c CAVAL
|d CARM 1 Store
|e B09036
|f A1:AN27B0
|h Other scheme
|i book
|m 0393436
|